000 00668nam a22002177a 4500
003 GR-AtMCL
005 20260122142230.0
006 a|||||r|||||||||||
008 s2004 cy da r 000 u eng d
020 _a0198524668
040 _aGR-AtMCL
_beng
_eAACR2
_dGR-AtMCL
100 _aLevine, Michael W.
_910281
245 1 0 _aFundamentals of sensation and perception/
_cMichael W. Levine, Jeremy M. Shefner.
250 _a3rd ed.
260 _aLondon ;:
_bOxford University Press,
_c2004.
300 _a516 p. :
_bill. ;
_c24 cm.
504 _aIncludes bibliographical references and index.
650 0 _aPsychology
_910056
942 _cBK
999 _c10072
_d10072